000 01038nam0a2200301 4500
001 RU\NLR\bibl\810740
005 20260406112053.0
010 _a5-9533-0622-9
_910000
021 _aRU
_b2005-15514
_9789
035 _a(NLR Aleph) 000799809
090 _a1174050
_c1174050
100 _a20050617d2005 |||y0rusy50 ca
101 0 _arus
102 _aRU
105 _aach |||||||||
200 1 _aТайны великой смуты
_fА.Б. Широкоград
210 _aМосква
_cВече
_d2005
215 _a316, [2] с., [8] л. ил., факс., портр.
_d21
225 1 _aВоенные загадки России
320 _aБиблиогр.: с. 312-315
606 1 _a"Смутное время"
_91395681
_3RU\NLR\auth\66587021
686 _aТ3(2)45,02
700 1 _4070
_8rus
_7ca
_aШирокорад
_bА. Б.
_f1947-
_gАлександр Борисович
_3RU\NLR\auth\77126524
_9109448
801 0 _aRU
_bNLR
_c20050617
_grcr
801 1 _aRU
_bNLR
_c20050617
942 _cBOOK
980 _aNB